Vista normal Vista MARC

Entrada Topical Term

Número de registros utilizados en: 2

001 - CONTROL NUMBER

  • control field: 1030

003 - CONTROL NUMBER IDENTIFIER

  • control field: AR-EsCIE

005 - DATE AND TIME OF LATEST TRANSACTION

  • control field: 20251016104012.0

008 - FIXED-LENGTH DATA ELEMENTS

  • fixed length control field: 251016|| aca||babn | a|a d

040 ## - CATALOGING SOURCE

  • Original cataloging agency: AR-EsCIE

150 ## - HEADING--TOPICAL TERM

  • Topical term or geographic name entry element: RECURSOS NATURALES

670 ## - SOURCE DATA FOUND

  • Source citation: AGROVOC